Fundamentos de derecho administrativo aduanero

Guardat en:
Dades bibliogràfiques
Autor principal: Gómez Piedrahita, Hernán (Autor)
Format: Llibre
Idioma:espanyol
Publicat: Bogotá Librería del Profesional 1984
Matèries:
Etiquetes: Afegir etiqueta
Sense etiquetes, Sigues el primer a etiquetar aquest registre!

MARC

LEADER 00000nam a2200000 a 4500
001 UCX7677
003 CL-VaPUC
008 931227e19840000CK |||||||||||||||||spa|d
082 0 4 |a 343.056  |b GOM  |2 21 
100 0 |a Gómez Piedrahita, Hernán  |e author  |9 324591 
245 1 0 |a Fundamentos de derecho administrativo aduanero 
300 |a 303 p 
942 |c BK 
945 |d 19931227 00:00:00  |a nfarias 
260 |a Bogotá  |b Librería del Profesional  |c 1984 
650 0 |a Derecho aduanero  |9 324531 
650 0 |a Derecho administrativo  |9 254851 
650 0 |a Aduanas  |9 255492 
650 0 |a Derecho y legislación   |9 255077 
651 0 |a Colombia  |9 256424 
583 |a last modification  |c 19931227 00:00:00  |k Rodrigo Vera 
999 |c 227441  |d 227439 
952 |0 0  |1 0  |4 0  |6 343_056000000000000_GOM_1984  |7 0  |8 A  |9 226474  |a BIBDER  |b BIBDER  |d 2019-11-15  |i 2954958  |o 343.056 GOM 1984  |p 2954958  |r 2023-01-25  |w 2019-11-15  |y BK  |k DER